000 01485cam a2200349 a 4500
001 3562060
003 NUST-PNEC
005 20170116180656.0
008 980812s2000 caua b 001 0 eng
010 _a 98038976
020 _a0122386604
040 _aDLC
_cPNEC
_dDLC
050 0 0 _aR856
_b.I47 2000
082 0 0 _a610.28 END
100 _9231
_aEnderle, John
245 0 0 _aIntroduction to biomedical engineering
_c[editors] John D. Enderle, Susan M. Blanchard, Joseph D. Bronzino.
246 3 0 _aBiomedical engineering
260 _aSan Diego :
_bAcademic Press,
_cc2000.
300 _axvii, 1062 p. :
_bill. ;
_c24 cm.
440 0 _aAcademic Press series in biomedical engineering
500 _aIncludes Index http://www.amazon.com/Introduction-Biomedical-Engineering-John-Enderle/dp/0122386604/ref=sr_1_1?s=books&ie=UTF8&qid=1409388550&sr=1-1&keywords=0122386604
504 _aIncludes bibliographical references and index.
650 0 _aBiomedical engineering.
_xMIS
700 1 _aEnderle, John D.
_q(John Denis)
700 1 _aBlanchard, Susan M.
700 1 _aBronzino, Joseph D.,
_d1937-
856 4 2 _3Publisher description
_uhttp://www.loc.gov/catdir/description/els033/98038976.html
856 4 1 _3Table of contents
_uhttp://www.loc.gov/catdir/toc/els032/98038976.html
906 _a7
_bcbc
_corignew
_d1
_eocip
_f19
_gy-gencatlg
942 _2ddc
_cBK
999 _c60391
_d60391